Report of the Energy Consumption Survey 1986

Gespeichert in:
Bibliographische Detailangaben
Format: Buch
Sprache:Englisch
Veröffentlicht: Bangkok National Statistical Office 1986
Ausgabe:1. ed.
Tags: Tag hinzufügen
Keine Tags, Fügen Sie das erste Tag hinzu!

MARC

LEADER 00000nam a2200000 4500
001 c040749
005 20260121071614.2
041 0 |a eng 
044 |a TH 
245 1 0 |a Report of the Energy Consumption Survey 1986 
250 |a 1. ed. 
264 1 |a Bangkok  |b National Statistical Office  |c 1986 
300 |a 95 s.